Score 0/19 Timer 03:00
0 Plays Today
% Correct
2 John
68.6%
3 John
65.5%
Jude
61%
Titus
60.1%
2 Peter
59.5%
Joel
58.9%
Haggai
57.4%
Habakkuk
55.3%
Nahum
54.7%
Philemon
53.8%
% Correct
2 Timothy
52.7%
Obadiah
51.1%
Jonah
49.6%
Malachi
48.4%
Ruth
46.2%
Zephaniah
44%
2 Thessalonians
41.2%
Colossians
28.7%
Philippians
24.7%
Remove Ads.
Support Sporcle.
Get the best of Sporcle when you Go Orange. This ad-free experience offers more features, more stats, and more fun while also helping to support Sporcle. Thank you for becoming a member.

You're not logged in!

Compare scores with friends on all Sporcle quizzes.
OR
Log In

Show Comments

Extras

Top Quizzes Today


Score Distribution

Your Account Isn't Verified!

In order to create a playlist on Sporcle, you need to verify the email address you used during registration. Go to your Sporcle Settings to finish the process.

Report this User

Report this user for behavior that violates our Community Guidelines.

Details: